The Marías - Back to me - Statistics

General Stats
  • This quiz has been taken 102 times
    82 since last reset
  • The average score is 222 of 276
Answer Stats
lyrics % Correct
baby
100%
back
100%
back)
100%
come
100%
i
100%
me
100%
to
100%
you
100%
you?)
100%
a
95%
be
95%
in
95%
the
95%
across
93%
house
93%
hurry
93%
i'm
93%
us
93%
all
90%
build
90%
need
90%
that
90%
is
88%
sea
88%
she
88%
there
88%
want
88%
down
85%
could
83%
i'd
83%
i'll
83%
apart
80%
from
78%
if
78%
fall
76%
promise
76%
see
76%
your
76%
changing
71%
my
71%
would
71%
but
68%
dark
68%
get
68%
it's
66%
just
66%
of
63%
hard
61%
over
61%
(can
59%
getting
59%
maybe
59%
will
59%
accept
56%
as
56%
full
56%
older
56%
sorry
56%
tell
56%
meet
54%
built
51%
by
51%
face
51%
forget)
51%
picture
51%
(yeah
51%
yeah
51%
apartment
49%
chance
49%
outside
49%
regrets
49%
waitin
49%
(doo
46%
doo
46%
doo)
46%
remember
46%
(try
46%
again)
44%
montauk
44%
name
44%
near
44%
run
44%
day
41%
have
41%
stay
41%
this
41%
head)
39%
altar
37%
sayin
37%
(walking
32%
(roots
29%
No matching quizzes found
Score Distribution
Percent of People with Each Score
Percentile by Number Answered
Your Score History
You have not taken this quiz since the last reset